000 00725nam a22002177a 4500
005 20150622143521.0
010 _aENG-112867
020 _c595.00
_a9789350354803
035 _aEN-96399
037 _bDBAD/PUB
082 _a344.5401
100 _aKumar, H.L.
245 _aLabour problems and remedies :
_cby H.L.Kumar [and] Gaurav Kumar
_ba ready referencer to handle day-to-day labour problems based on dedicated cases /
250 _a12th ed
260 _a Delhi
_bUniversal Law Publishing
_c2014
270 _aA-58 G.T. Karnal Road,Industrial Area,
_bDelhi
_e110033
300 _alxxx,430p.
_c25cm(pbk)
500 _aIncludes index
700 _aGaurav Kumar
942 _2ddc
_cEN
_mKUM
_h344.5401
999 _c93334
_d93334